Fónicko-funkčná charakteristika suprasegmentálnych javov pauza - dôraz - melódia

Bibliographic Details
Main Author: Džambová, Anna, 1955- (Author)
Format: Book
Language:Slovak
PhysicalDescription:121 s. grafy, tab. 21 cm
Published: Košice Univerzita Pavla Jozefa Šafárika 2013
ISBN:9788081520662
Edition:1. vyd.
Subjects:

MARC

LEADER 00000nam a2200000 a 4500
001 vtls010596462
003 SK-MaSNL
005 20260301215103.0
008 240318s2013 xo da e n 000 0 slo
015 |a SNBA2014/05 
020 |a 9788081520662  |q (brož.) 
035 |a 20B538BE-9D6B-4086-9F2A-651C6AD3B736 
035 |a urn:nbn:sk:snk-amk4fa 
035 |a urn:nbn:sk:snk-am0057l7 
040 |a SNK  |b slo  |c SNK  |e AACR2 
041 0 |a slo  |b ger 
044 |a xo  |c SK 
072 7 |a 81  |x Lingvistika. Jazyky  |2 konspekt 
080 |a 811.162.4  |2 2001 
080 |a 811.112.2  |2 2001 
080 |a 81'34  |2 2001 
080 |a 81'342.9  |2 2001 
080 |a 81-115  |2 2001 
080 |a (048.8)  |2 2001 
100 1 |a Džambová, Anna,  |d 1955-  |4 aut  |9 202962 
245 1 0 |a Fónicko-funkčná charakteristika suprasegmentálnych javov  |b pauza - dôraz - melódia  |c Anna Džambová 
250 |a 1. vyd. 
260 |a Košice  |b Univerzita Pavla Jozefa Šafárika  |c 2013 
300 |a 121 s.  |b grafy, tab.  |c 21 cm 
366 |e 100 výt. 
504 |a Bibliogr.: s. 109-112 ; bibliogr. odkazy ; pozn. ; použité skrat. ; zoz. obr., grafov a tab. 
546 |a Res. nem. 
650 0 7 |a slovenčina  |2 SNKPH  |9 1350 
650 0 7 |a nemčina  |2 SNKPH  |9 1384 
650 0 7 |a Slovak language  |2 SNKPHeng  |9 266031 
650 0 7 |a German language  |2 SNKPHeng  |9 278149 
650 0 7 |a fonetika  |2 SNKPH  |9 863 
650 0 7 |a Phonetics  |2 SNKPHeng  |9 310418 
650 0 7 |a Intonation (phonetics)  |2 SNKPHeng  |9 534895 
650 0 7 |a intonácia (fonetika)  |2 SNKPH  |9 73197 
650 0 7 |a Comparative linguistics  |2 SNKPHeng  |9 266090 
650 0 7 |a komparatívna lingvistika  |2 SNKPH  |9 3799 
655 7 |a štúdie  |2 SNKPH  |9 57033 
655 7 |a Studies  |2 SNKPHeng  |9 265573 
919 |a 978-80-8152-066-2 
958 |a OND 
958 |a NB 
999 |c 926851  |d 928781 
952 |a SNK  |b SNK  |y PREZ  |7 0  |p 17A1110471  |o snkSC 159481  |i snk2014/11362  |8 0  |0 0  |1 0  |4 0  |d 2014-05-14  |f 1  |l 0  |r 2025-08-21 00:00:00  |w 2026-02-24 
952 |a SNK  |b SNK  |y VYP  |7 0  |p 17A1110470  |o snkSC 159481 D1  |i snk2014/11363  |8 0  |0 0  |1 0  |4 0  |d 2014-05-14  |l 0  |r 2026-02-24 08:36:25  |w 2026-02-24